00841nam a2200265 a 450000100060000000300080000600500170001400800410003103500190007204000440009104100080013508200250014310000250016824500420019325000190023526000410025430000200029550000280031550400260034365000290036965000290039894200120042799900170043995201190045642477BD-RjUL20211209053540.0160613s1944 enk b 001 0 eng  a(BD-RjUL)42595 aDLCcNGHdNGHdOCoLCdDLCdBD-RjULbeng aeng a338.91223bHAR 19441 aHayek, F. A.913065314aThe road to serfdom /cby F.A. Hayek. a(Abridged ed.) aLondon :bG. Routledge & sons,c1944 a95 p. ;c22 cm. a"First published 1944." aIncludes Bibliography 0aEconomic policy.9130654 0aTotalitarianism.9130655 2ddccBK c42477d42477 00102ddc40708NFICaRUCLbRUCLcStackd2016-06-13l0o338.91 HAR 1944r2016-06-13 00:00:00tC-2w2016-06-13yBK